000
00315nam a22001457a 4500
020
_a
978-1-25-900336-3
041
_a
ENG
100
_a
Raju.N.K
245
_a
Prestressed Concrete
250
_a
Fifit Rd
260
_a
New Delhi
_b
Tata McGraw Hill
_c
2012
300
_a
812
650
_a
FS
856
_u
FS ( 08 )
999
_c
2442
_d
2442